Statistics for Regular Convex Polyhedrons (By Picture)

Click here to take the quiz!

General Stats

  • This quiz has been taken 21 times
  • The average score is 4 of 5

Answer Stats

Answer % Correct
cube
100%
dodecahedron
73%
icosahedron
67%
tetrahedron
60%
octahedron
53%

Score Distribution

Percentile by Number Answered

Percent of People with Each Score

Your Score History

You have not taken this quiz